Solid state electronic devices / (Record no. 62573)

000 -LEADER
fixed length control field 01095cam a2200301 i 4500
001 - CONTROL NUMBER
control field 17885583
003 - CONTROL NUMBER IDENTIFIER
control field NUST - PNEC
005 - DATE AND TIME OF LATEST TRANSACTION
control field 20170116180752.0
008 - FIXED-LENGTH DATA ELEMENTS--GENERAL INFORMATION
fixed length control field 130913s2015 maua b 001 0 eng
010 ## - LIBRARY OF CONGRESS CONTROL NUMBER
LC control number 2013037102
020 ## - INTERNATIONAL STANDARD BOOK NUMBER
International Standard Book Number 9780133356038
020 ## - INTERNATIONAL STANDARD BOOK NUMBER
International Standard Book Number 0133356035
040 ## - CATALOGING SOURCE
Language of cataloging eng
Transcribing agency LIBRARY
042 ## - AUTHENTICATION CODE
Authentication code pcc
050 00 - LIBRARY OF CONGRESS CALL NUMBER
Classification number TK7871.85
Item number .S77 2015
082 00 - DEWEY DECIMAL CLASSIFICATION NUMBER
Classification number 621.38152 STR
Edition number 23
100 1# - MAIN ENTRY--PERSONAL NAME
Personal name Streetman, Ben G.,
245 10 - TITLE STATEMENT
Title Solid state electronic devices /
Statement of responsibility, etc. Ben G. Streetman and Sanjay Kumar Banerjee.
250 ## - EDITION STATEMENT
Edition statement Seventh edition.
260 ## - PUBLICATION, DISTRIBUTION, ETC.
Place of publication, distribution, etc. Boston :
Name of publisher, distributor, etc. Pearson,
Date of publication, distribution, etc. c2015.
300 ## - PHYSICAL DESCRIPTION
Extent xviii, 596 pages :
Other physical details illustrations ;
Dimensions 24 cm
504 ## - BIBLIOGRAPHY, ETC. NOTE
Bibliography, etc. note Includes bibliographical references and index.
650 #0 - SUBJECT ADDED ENTRY--TOPICAL TERM
Topical term or geographic name entry element Semiconductors.
General subdivision EE, EL
856 ## - ELECTRONIC LOCATION AND ACCESS
Uniform Resource Identifier <a href="http://www.amazon.com/Solid-State-Electronic-Devices-7th/dp/0133356035/ref=sr_1_1?s=books&ie=UTF8&qid=1426059303&sr=1-1&keywords=9780133356038">http://www.amazon.com/Solid-State-Electronic-Devices-7th/dp/0133356035/ref=sr_1_1?s=books&ie=UTF8&qid=1426059303&sr=1-1&keywords=9780133356038</a>
906 ## - LOCAL DATA ELEMENT F, LDF (RLIN)
a 7
b cbc
c orignew
d 1
e ecip
f 20
g y-gencatlg
942 ## - ADDED ENTRY ELEMENTS (KOHA)
Source of classification or shelving scheme
Koha item type Book
Holdings
Withdrawn status Lost status Source of classification or shelving scheme Damaged status Not for loan Permanent Location Current Location Shelving location Date acquired Source of acquisition Cost, normal purchase price Total Checkouts Full call number Barcode Date last seen Cost, replacement price Price effective from Koha item type
          Pakistan Navy Engineering College (PNEC) Pakistan Navy Engineering College (PNEC) Reference 03/09/2015 ZS Dictionary Shop / Library Grant 21215.00   621.38152 STR PNECLIB-032077 03/11/2015 21215.00 03/09/2015 Book
© 2023 Central Library, National University of Sciences and Technology. All Rights Reserved.